MARC

LEADER 00000nam0a2200000 4500
001 142345
005 20231031142724.0
020 |a RU  |b 81-4647 
035 |a (RuTPU)RU\TPU\book\154259 
090 |a 142345 
100 |a 20080904d1981 m y0rusy5003 ca 
101 0 |a rus 
102 |a RU 
105 |a a z 001zy 
200 1 |a Производство оптико-элекронных приборов  |e учебник  |f Б. Ф. Каледин, М. Д. Мальцев, А. И. Скороходов 
210 |a Москва  |c Машиностроение  |d 1981 
215 |a 303 с.  |c ил. 
320 |a Библиогр.: с. 298-299. 
610 1 |a оптико-электронные приборы 
610 1 |a производство 
610 1 |a технологические процессы 
610 1 |a проектирование 
610 1 |a детали 
610 1 |a узлы 
610 1 |a изготовление 
610 1 |a сборка 
610 1 |a монтаж 
610 1 |a настройка 
610 1 |a юстировка 
610 1 |a учебники 
675 |a 621.383(075.8)  |v 3 
700 1 |a Каледин  |b Б. Ф.  |g Борис Федорович  |4 070 
701 1 |a Мальцев  |b М. Д.  |g Михаил Дмитриевич 
701 1 |a Скороходов  |b А. И.  |g Альберт Иванович 
801 0 |a RU  |b RuMRKP  |c 19950704  |g psbo 
801 1 |a RU  |b 63413507  |c 20080904  |g PSBO 
801 2 |a RU  |b 63413507  |c 20100706  |g PSBO 
900 |a Сборка, юстировка и контроль оптико-электронных приборов 
942 |c BK